000 00737 a2200205 4500
999 _c431
_d431
020 _a817809360X
050 _aE457.8 LIN 2008
100 _aLincoln, Abraham
245 _aPrecious gems of wisdom /
_cAbraham Lincoln; [compiled by Karishma Bajaj].
264 _aMumbai :
_bMagna Publishing Co.,
_c2008
300 _axxi, 147p.:
_bill.
440 _aPrecious Gems of Wisdom
500 _aIncludes bibliographical references
650 _aLincoln, Abraham, 1809 - 1865
_xUnited States -- Presidents
650 _aLincoln, Abraham -- United States
_xBiography
650 _aLincoln, Abraham
_xQuotations, maxims etc
650 _aLincoln, Abraham
_xFamous speeches
700 _aBajaj, Karishma
_ecompilor
942 _2lcc
_cBK
_h457.8
_iLIN
_kE